Psychological Dimension of AIDS/ (Record no. 188720)
[ view plain ]
| 000 -LEADER | |
|---|---|
| fixed length control field | 00645nam a22001937a 4500 |
| 005 - DATE AND TIME OF LATEST TRANSACTION | |
| control field | 20240813113635.0 |
| 010 ## - LCCN (DPL NO) | |
| LC control number | ENG-132938 ENG-141324 |
| 020 ## - INTERNATIONAL STANDARD BOOK NUMBER | |
| International Standard Book Number | 9789388604598 |
| Terms of availability | 585.00 |
| 035 ## - SYSTEM CONTROL NUMBER | |
| System control number | EN-116470 |
| 035 ## - SYSTEM CONTROL NUMBER | |
| System control number | EN-124856 |
| 037 ## - SOURCE OF ACQUISITION | |
| Source of stock number/acquisition | DBAD |
| 082 ## - DEWEY DECIMAL CLASSIFICATION NUMBER | |
| Classification number | 616.9792 |
| 245 ## - TITLE STATEMENT | |
| Title | Psychological Dimension of AIDS/ |
| Statement of responsibility, etc | Edited by Sadique Razaque |
| 260 ## - PUBLICATION, DISTRIBUTION, ETC. (IMPRINT) | |
| Place of publication, distribution, etc | New Delhi |
| Name of publisher, distributor, etc | Ayushman Publication House |
| Date of publication, distribution, etc | 2020 |
| 270 ## - ADDRESS | |
| Address | 352/D2 Ajit Bhawan Munirka Near J.N.U. Main Gate |
| City | New Delhi |
| Postal code | 110067 |
| Electronic mail address | ayushmanpuhouse@gmail.com |
| 300 ## - PHYSICAL DESCRIPTION | |
| Extent | xii, 180p. |
| Dimensions | 22cm(hbk) |
| 700 ## - ADDED ENTRY--PERSONAL NAME | |
| Personal name | Razaque, Sadique |
| 9 (RLIN) | 69901 |
| 942 ## - ADDED ENTRY ELEMENTS (KOHA) | |
| Source of classification or shelving scheme | Dewey Decimal Classification |
| Item type | English Books |
| Classification part | 616.9792 |
| Call number suffix | PSY |
| Withdrawn status | Lost status | Not for loan | Collection code | Home library | Current library | Date acquired | Source of acquisition | Cost, normal purchase price | Full call number | Barcode | Copy number | Cost, replacement price | Koha item type |
|---|---|---|---|---|---|---|---|---|---|---|---|---|---|
| Non-fiction | Patel Nagar | Patel Nagar | 02/06/2022 | DBAD/PUB | 585.00 | 616.9792 PSY | EN-116470 | 1 | 585.00 | English Books | |||
| Non-fiction | Shahdara Branch | Shahdara Branch | 13/08/2024 | DBAD | 585.00 | 616.9792 PSY | EN-124856 | 1 | 585.00 | English Books |
